[Event "Nis op"]
[Site "Nis"]
[Date "1993.??.??"]
[Round "?"]
[White "Nikolic, Sinisa"]
[Black "Ilincic, Zlatko"]
[Result "1/2-1/2"]
[WhiteElo "2260"]
[BlackElo "2505"]
[PlyCount "108"]
[EventDate "1993.12.??"]
[EventType "swiss"]
[EventRounds "9"]
[EventCountry "YUG"]
[SourceTitle "EXT 1997"]
[Source "ChessBase"]
[SourceDate "1996.11.15"]
[SourceVersion "1"]
[SourceVersionDate "1996.11.15"]
[SourceQuality "1"]

1. e4 c5 2. Nf3 d6 3. d4 cxd4 4. Nxd4 Nf6 5. Nc3 a6 6. Be2 Nbd7 7. 0-0 g6 8. Be3 Bg7 9. Qd2 0-0 10. Bh6 Qb6 11. Bxg7 Kxg7 12. Rab1 e6 13. Kh1 Nc5 14. Qe3 Qc7 15. f4 b5 16. a3 Bb7 17. Bf3 Rad8 18. f5 e5 19. Nde2 d5 20. exd5 e4 21. Bxe4 Ncxe4 22. Nxe4 Qxh2+ 23. Kxh2 Ng4+ 24. Kg1 Nxe3 25. f6+ Kg8 26. Rf3 Nxd5 27. Nc5 Bc8 28. Nc3 Rfe8 29. Nxd5 Rxd5 30. b4 h5 31. Rd3 Rxd3 32. cxd3 Kh7 33. Ne4 Be6 34. Re1 Kh6 35. Nc5 g5 36. d4 Rd8 37. Nxe6 fxe6 38. Rxe6 Kg6 39. Rxa6 Rxd4 40. Rb6 Rd5 41. Kf2 h4 42. Ke3 Rf5 43. Ke4 Rf4+ 44. Ke3 Rf5 45. Ke2 g4 46. f7+ Kxf7 47. Rh6 g3 48. Rxh4 Rf2+ 49. Ke3 Rxg2 50. Kf3 Ra2 51. Kxg3 Rxa3+ 52. Kf4 Ke6 53. Rh5 Kd6 54. Rxb5 Kc6 1/2-1/2

[Event "Nis op"]
[Site "Nis"]
[Date "1993.??.??"]
[Round "?"]
[White "Todorovic, Goran N"]
[Black "Nikolic, Sinisa"]
[Result "1/2-1/2"]
[WhiteElo "2405"]
[BlackElo "2260"]
[PlyCount "89"]
[EventDate "1993.12.??"]
[EventType "swiss"]
[EventRounds "9"]
[EventCountry "YUG"]
[SourceTitle "EXT 1997"]
[Source "ChessBase"]
[SourceDate "1996.11.15"]
[SourceVersion "1"]
[SourceVersionDate "1996.11.15"]
[SourceQuality "1"]

1. d4 Nf6 2. c4 g6 3. Nc3 Bg7 4. e4 d6 5. Be2 Nbd7 6. Bg5 h6 7. Be3 c5 8. d5 Qa5 9. f3 a6 10. a4 Rb8 11. Bd2 Qc7 12. Nh3 0-0 13. 0-0 e6 14. dxe6 fxe6 15. f4 b6 16. Bd3 e5 17. f5 gxf5 18. exf5 Bb7 19. Nf2 Rbe8 20. Nfe4 Nxe4 21. Nxe4 Nf6 22. Qe2 Qc6 23. Rae1 Nxe4 24. Bxe4 Qxe4 25. Qxe4 Bxe4 26. Rxe4 b5 27. axb5 axb5 28. b3 bxc4 29. bxc4 Ra8 30. Bc3 Ra3 31. Rf3 Kf7 32. Bxe5 Rxf3 33. Bxg7 Kxg7 34. gxf3 Rxf5 35. Kf2 Kf6 36. Ke3 Rg5 37. Rh4 h5 38. f4 Rf5 39. Ke4 Ke6 40. Rh3 d5+ 41. cxd5+ Rxd5 42. Rg3 Rd4+ 43. Ke3 Rc4 44. Rg6+ Kd7 45. Rh6 1/2-1/2

[Event "YUG-ch"]
[Site "Kladovo"]
[Date "1991.??.??"]
[Round "1"]
[White "Mirkovic, Slobodan"]
[Black "Nikolic, Sinisa"]
[Result "1/2-1/2"]
[WhiteElo "2390"]
[BlackElo "2275"]
[PlyCount "67"]
[EventDate "1991.02.??"]
[EventType "swiss"]
[EventRounds "13"]
[EventCountry "YUG"]
[SourceTitle "TD"]
[Source "ChessBase"]
[SourceDate "1994.03.01"]
[SourceVersion "1"]
[SourceVersionDate "1994.03.01"]
[SourceQuality "1"]

1. Nf3 Nf6 2. d4 g6 3. c4 Bg7 4. Nc3 0-0 5. e4 d6 6. Be2 e5 7. dxe5 dxe5 8. Qxd8 Rxd8 9. Nd5 Nxd5 10. cxd5 c6 11. Bc4 b5 12. Bb3 Bb7 13. Bg5 Rd7 14. Rc1 cxd5 15. Bxd5 Na6 16. Bxb7 Rxb7 17. Ke2 Nc7 18. Rc6 Ne6 19. Rhc1 Rbb8 20. Be3 Rd8 21. Ng5 Nf4+ 22. Bxf4 exf4 23. Rc7 Bxb2 24. R1c5 Bd4 25. Rxb5 Bb6 26. Rb7 Rac8 27. Rb2 Rf8 28. Nh3 f5 29. Re7 Rfe8 30. Rxe8+ Rxe8 31. Nxf4 Rxe4+ 32. Kf3 g5 33. Nd5 Bd4 34. Rb8+ 1/2-1/2

[Event "YUG-ch"]
[Site "Kladovo"]
[Date "1991.??.??"]
[Round "7"]
[White "Nikolic, Stanimir"]
[Black "Nikolic, Sinisa"]
[Result "0-1"]
[WhiteElo "2325"]
[BlackElo "2275"]
[PlyCount "86"]
[EventDate "1991.02.??"]
[EventType "swiss"]
[EventRounds "13"]
[EventCountry "YUG"]
[SourceTitle "TD"]
[Source "ChessBase"]
[SourceDate "1994.03.01"]
[SourceVersion "1"]
[SourceVersionDate "1994.03.01"]
[SourceQuality "1"]

1. e4 c5 2. f4 Nc6 3. Nf3 g6 4. d4 cxd4 5. Nxd4 Bg7 6. Nb3 d6 7. Nc3 Nf6 8. Be2 0-0 9. Be3 Bd7 10. 0-0 a6 11. a4 Be6 12. Ra3 Rb8 13. Nd4 Nxd4 14. Bxd4 b5 15. axb5 axb5 16. b4 Qc8 17. e5 dxe5 18. Bxe5 Rd8 19. Qa1 Ne8 20. Bxb8 Qxb8 21. Qe1 Nd6 22. Bd3 Nc4 23. Ra6 Qc8 24. Rxe6 fxe6 25. Nxb5 Nb2 26. Be2 Qxc2 27. Bg4 e5 28. fxe5 Rd2 29. Qg3 Nd3 30. Qf3 Qa2 31. Nc3 Qa7+ 32. Kh1 Nf2+ 33. Rxf2 Rxf2 34. Qd1 Rf8 35. h3 Qe3 36. Nd5 Qxe5 37. b5 Qg3 38. Nxe7+ Kh8 39. Nc6 Re8 40. Be2 Qf2 41. Kh2 Qxe2 42. Qb1 Be5+ 43. Kh1 Bg3 0-1

[Event "Belgrade-A"]
[Site "Belgrade"]
[Date "1990.??.??"]
[Round "4"]
[White "Peev, Peicho Chonev"]
[Black "Nikolic, Sinisa"]
[Result "1-0"]
[WhiteElo "2385"]
[BlackElo "2310"]
[PlyCount "75"]
[EventDate "1990.??.??"]
[EventType "tourn"]
[EventRounds "13"]
[EventCountry "YUG"]
[EventCategory "4"]
[SourceTitle "EXT 1997"]
[Source "ChessBase"]
[SourceDate "1996.11.15"]
[SourceVersion "1"]
[SourceVersionDate "1996.11.15"]
[SourceQuality "1"]

1. d4 g6 2. c4 Bg7 3. Nc3 d6 4. e4 Nc6 5. Be3 e5 6. d5 Nce7 7. g4 f5 8. f3 Nf6 9. h3 0-0 10. Qd2 Kh8 11. 0-0-0 Neg8 12. Bd3 Qe7 13. Nge2 fxe4 14. fxe4 Bd7 15. Ng3 a6 16. Kb1 c5 17. dxc6 Bxc6 18. g5 Nh5 19. Nxh5 gxh5 20. Be2 b5 21. Nd5 Qb7 22. cxb5 axb5 23. Bxh5 Ra4 24. Rhf1 Rfa8 25. b3 Bxd5 26. bxa4 Bxe4+ 27. Ka1 Rxa4 28. Bf7 Bd3 29. Bxg8 Bxf1 30. Bd5 e4+ 31. Kb1 Bd3+ 32. Qxd3 Rb4+ 33. Kc1 Qc7+ 34. Qc2 Bb2+ 35. Kd2 Qd8 36. a3 Rd4+ 37. Ke2 Rxd1 38. Qxb2+ 1-0

[Event "Belgrade-A"]
[Site "Belgrade"]
[Date "1990.??.??"]
[Round "10"]
[White "Todorovic, Goran N"]
[Black "Nikolic, Sinisa"]
[Result "0-1"]
[WhiteElo "2415"]
[BlackElo "2310"]
[PlyCount "108"]
[EventDate "1990.??.??"]
[EventType "tourn"]
[EventRounds "13"]
[EventCountry "YUG"]
[EventCategory "4"]
[SourceTitle "EXT 1997"]
[Source "ChessBase"]
[SourceDate "1996.11.15"]
[SourceVersion "1"]
[SourceVersionDate "1996.11.15"]
[SourceQuality "1"]

1. d4 g6 2. e4 Bg7 3. Nc3 d6 4. Be3 Nf6 5. f3 0-0 6. Qd2 Nc6 7. 0-0-0 e5 8. Nge2 a6 9. g4 Bd7 10. d5 Na7 11. Ng3 Ne8 12. h4 Nb5 13. Nxb5 axb5 14. a3 c5 15. dxc6 bxc6 16. h5 Be6 17. Bh6 Bxh6 18. Qxh6 g5 19. Rh2 f6 20. c3 Qe7 21. Rhd2 Rd8 22. Bd3 Nc7 23. Bc2 Rd7 24. Nf1 Rfd8 25. Ne3 Qf7 26. Rd3 Na8 27. Nd5 Rf8 28. Nb4 c5 29. Nd5 Kh8 30. R3d2 Bxd5 31. Rxd5 Rfd8 32. f4 gxf4 33. g5 Qg7 34. Qxf6 Qxf6 35. gxf6 Nc7 36. R5d2 Ne8 37. c4 Nxf6 38. cxb5 Nxh5 39. a4 Ng3 40. Bd3 d5 41. exd5 e4 42. Bc4 e3 43. Rg2 Rg7 44. Be2 Nxe2+ 45. Rxe2 Re7 46. Rd3 c4 47. Ra3 Rxd5 48. b6 Rd3 49. a5 Kg7 50. Rg2+ Kh6 51. Ra1 e2 52. Rxe2 Rxe2 53. b7 Rg3 54. Kb1 Rb3 0-1

[Event "Zuerich op 12th"]
[Site "Zuerich"]
[Date "1988.??.??"]
[Round "2"]
[White "Nikolic, Sinisa"]
[Black "Arapovic, Vitomir"]
[Result "1/2-1/2"]
[WhiteElo "2255"]
[BlackElo "2370"]
[PlyCount "71"]
[EventDate "1988.12.26"]
[EventType "swiss"]
[EventRounds "7"]
[EventCountry "SUI"]
[SourceTitle "EXT 1997"]
[Source "ChessBase"]
[SourceDate "1996.11.15"]
[SourceVersion "1"]
[SourceVersionDate "1996.11.15"]
[SourceQuality "1"]

1. d4 g6 2. c4 Bg7 3. Nc3 d6 4. e4 Nc6 5. Nge2 e5 6. Be3 Nh6 7. f3 f5 8. Qd2 fxe4 9. Nxe4 Nf7 10. d5 Ne7 11. g4 h5 12. gxh5 Rxh5 13. N2g3 Rh8 14. Ng5 Nf5 15. Nxf5 Bxf5 16. Ne6 Bxe6 17. dxe6 Nh6 18. Rg1 Qh4+ 19. Bf2 Qf6 20. c5 Nf5 21. Qb4 Qxe6 22. Qxb7 Qc8 23. Qc6+ Kf7 24. Bc4+ Kf6 25. Rd1 Qd8 26. cxd6 cxd6 27. Be3 Bh6 28. Bxh6 Rxh6 29. Qb7 Qf8 30. Qd5 Kg7 31. Bd3 Nd4 32. Be4 Re8 33. Rg2 Qf6 34. Rc1 Re7 35. Rc8 Qf7 36. Qxf7+ 1/2-1/2